Diccionario de términos ambientales / (Registro nro. 13575)

Detalles MARC
000 -LIDER
fixed length control field 01241nam a2200289 a 4500
001 - NÚMERO DE CONTROL
Identificador de número de control
003 - IDENTIFICACDOR DE NÚMERO DE CONTROL
control field DO-SdBNP
005 - DATE AND TIME OF LATEST TRANSACTION
control field 20230214124903.0
008 - ELEMENTOS DE LONGITUD FIJA
fixed length control field 140324s2011 dr abc 001 0 spa d
020 ## - ISBN
International Standard Book Number 9789945412543
040 ## - FUENTE DE CATALOGACIÓN
Agencia que crea de manera original el registro BPMSU
Idioma de catalogación spa
Agencia que realiza la transcripción BPMSU
082 ## - NÚMERO DE CLASIFICACIÓN DECIMAL DE DEWEY
Classification number R333.7203
Item number D545e 2011
Edition number 22
110 2# - ASIENTO PRINCIPAL--NOMBRE CORPORATIVO
Nombre corporativo o de jurisdicción Fundación Global Democracia y Desarrollo.
245 00 - MENCIÓN DE TITULO
Título Diccionario de términos ambientales /
260 ## - PUBLICACIÓN, DISTRIBUCIÓN, ETC. (PIE DE IMPRENTA)
Lugar de publicación, distribución, etc Santo Domingo :
Nombre del editor, distribuidor, etc. FUNGLODE,
Fecha de publicación, distribución, etc 2011.
300 ## - DESCRIPCIÓN FÍSICA
Extensión 463 p. :
Otros detalles físicos il., mapa, retr. ;
Dimensiones 26 cm.
500 ## - NOTA GENERAL
Nota general Incluye índice de tablas
500 ## - NOTA GENERAL
Nota general Incluye índice de figuras
500 ## - NOTA GENERAL
Nota general Incluye índice alfabético de términos
505 0# - NOTA DE CONTENIDO
Texto normalizado de contenido Prefacio. -- Prólogo. -- Introducción. -- Lista de acrónimos. -- Diccionario alfabético. -- Artículos en foco. -- Recursos. -- Índice alfabético de términos. -- Índice de figuras. -- Índice de tablas. -- Glosario de términos ambientales.
590 ## - NOTA LOCAL
Enlace Inventariado, 2021/VM
650 #4 - ENCABEZAMIENTO DE MATERIA--TEMÁTICO
Término temático o nombre geográfico como elemento de entrada Medio ambiente
Subdivisión geográfica República Dominicana
Subdivisión de forma Diccionarios
650 #4 - ENCABEZAMIENTO DE MATERIA--TEMÁTICO
Término temático o nombre geográfico como elemento de entrada Recursos naturales
Subdivisión geográfica República Dominicana
Subdivisión de forma Diccionarios
650 #4 - ENCABEZAMIENTO DE MATERIA--TEMÁTICO
Término temático o nombre geográfico como elemento de entrada Ecología
Subdivisión geográfica República Dominicana
Subdivisión de forma Diccionarios
910 ## - VALIDACIÓN
Validación VMateo V./Control de calidad
942 ## - ADDED ENTRY ELEMENTS (KOHA)
Source of classification or shelving scheme Dewey Decimal Classification
Koha item type Libros
Existencias
Withdrawn status Lost status Source of classification or shelving scheme Damaged status Not for loan Collection code Home library Current library Date acquired Source of acquisition Full call number Barcode Date last seen Price effective from Koha item type
    Dewey Decimal Classification     Colección de Referencia Dominicana Biblioteca Pública Metropolitana Salomé Ureña Biblioteca Pública Metropolitana Salomé Ureña 07/19/2021 FUNGLODE BPMSU CDR R333.7203 D545e 2011 BPMSU21070007 07/19/2021 07/19/2021 Libros